000 00627nam a22002174a 4500
001 BIBLIOTECA MUNICIPAL DE BARRANCO
007 ta
008 t pe gr 00| 0 spa d
017 _a2002-1085
040 _aBIBLIOTECA MUNICIPAL DE BARRANCO
041 _aspa
043 _cpe
082 _2869.56
_bL97G 2001.
100 _aLuque, Leoncio, 1964-
245 _aEn las grietas de tu espalda /
_cLeoncio Luque Ccota.
250 _a1a ed.
260 _aLima :
_bEds. Noble Katerba;
_c2001.
300 _a33 p. ;
_c18 cm.
650 0 _92182
_aPoesías peruanas - Siglo XX.
942 _cBK
_e2025-02-17
_zAAOH
999 _c10683
_d10683